000 00643nam a2200241Ia 4500
003 OSt
005 20220928114727.0
006 a|||||r|||| 00| 0
007 ta
008 220927b |||||||| |||| 00| 0 eng d
024 _a77061
037 _cTextual
040 _aSDCL
_cSDCL
_beng
041 _2eng
_aeng
082 _aO121,1G65:g, P4
100 _aBraida Antonella
_9440596
245 0 _aDante and the romantics.
260 _aHampshire
_bPalgrave Macmillan
_c2004
300 _ax,241p
_ccm.
650 _aDante
_9440597
942 _hO121,1G65:g, P4
_cTEXL
_2CC
999 _c756157
_d756157